[Event "AUT-chT2M 2324"]
[Site "Austria"]
[Date "2023.12.03"]
[Round "5.2"]
[White "Mohr, Georg"]
[Black "Mazi, Leon"]
[Result "1/2-1/2"]
[WhiteElo "2420"]
[BlackElo "2320"]
[PlyCount "62"]
[EventDate "2023.11.03"]
[EventType "team-tourn"]
[EventRounds "11"]
[EventCountry "AUT"]
[SourceTitle "CB16_2024"]
[SourceDate "2024.04.17"]
[SourceVersion "1"]
[SourceVersionDate "2024.04.17"]
[SourceQuality "1"]
[WhiteTeam "Frauental"]
[BlackTeam "St Veit/Glan"]
[WhiteTeamCountry "AUT"]
[BlackTeamCountry "AUT"]

1. g3 d5 2. Bg2 Nf6 3. c4 c6 4. Qb3 Qb6 5. Qc2 Na6 6. Na3 e5 7. Nf3 Ng4 8. 0-0 e4 9. Ng5 Bc5 10. Nh3 0-0 11. Qb3 f5 12. Qxb6 Bxb6 13. b3 Rd8 14. cxd5 cxd5 15. Bb2 Nb4 16. Rfc1 Bd7 17. Nc2 Nxc2 18. Rxc2 Bb5 19. Nf4 Bc6 20. d4 a5 21. Nh3 Kf7 22. Nf4 g6 23. h4 Nf6 24. e3 Ne8 25. Ba3 Ng7 26. Rac1 Bc7 27. Kf1 Bxf4 28. gxf4 Ne6 29. Kg1 Kf6 30. Bf1 Kf7 31. Be2 Kf6 1/2-1/2

[Event "Wch Seniors 50 31st"]
[Site "Terassini"]
[Date "2023.10.25"]
[Round "1"]
[White "Mohr, Georg"]
[Black "Golovchuk, Oleg"]
[Result "1-0"]
[WhiteElo "2430"]
[BlackElo "2067"]
[PlyCount "49"]
[EventDate "2023.10.25"]
[EventType "swiss"]
[EventRounds "11"]
[EventCountry "ITA"]
[SourceTitle "Mega2024 Update 01"]
[Source "Chessbase"]
[SourceDate "2023.11.12"]
[SourceVersion "1"]
[SourceVersionDate "2023.11.12"]
[SourceQuality "1"]

1. e4 e5 2. Nf3 Nf6 3. Nc3 Nc6 4. a4 a6 5. g3 Bc5 6. Bg2 d6 7. 0-0 0-0 8. d3 h6 9. Be3 Ng4 10. Bxc5 dxc5 11. h3 Nf6 12. Nd2 Qd4 13. Nd5 Nxd5 14. exd5 Bxh3 15. c3 Qxd3 16. Be4 Bxf1 17. Bxd3 Bxd3 18. dxc6 b6 19. Nf3 e4 20. Ne5 Rad8 21. a5 Rfe8 22. Qh5 f6 23. Nxd3 exd3 24. axb6 cxb6 25. c7 1-0

[Event "AUT-chT2M 2223"]
[Site "Austria"]
[Date "2022.10.02"]
[Round "3.2"]
[White "Poetz, Florian"]
[Black "Mohr, Georg"]
[Result "1/2-1/2"]
[WhiteElo "2410"]
[BlackElo "2412"]
[PlyCount "47"]
[EventDate "2022.09.30"]
[EventType "team-tourn"]
[EventRounds "11"]
[EventCountry "AUT"]
[SourceTitle "CBM 210 Extra"]
[Source "ChessBase"]
[SourceDate "2022.11.30"]
[SourceVersion "1"]
[SourceVersionDate "2022.11.30"]
[SourceQuality "1"]
[WhiteTeam "Fuerstenfeld/Hartberg"]
[BlackTeam "Frauental"]
[WhiteTeamCountry "AUT"]
[BlackTeamCountry "AUT"]

1. e4 c5 2. Nf3 Nc6 3. d4 cxd4 4. Nxd4 g6 5. Nc3 Bg7 6. Be3 Nf6 7. Bc4 0-0 8. Bb3 d6 9. f3 Nxd4 10. Bxd4 Be6 11. Qd2 Qa5 12. Bxe6 fxe6 13. 0-0-0 Rac8 14. Kb1 Rc4 15. Ne2 Qxd2 16. Rxd2 Nd7 17. b3 Rcc8 18. c4 a6 19. Be3 Kf7 20. Nd4 Rg8 21. Nc2 Rgf8 22. Nd4 Rg8 23. Nc2 Rgf8 24. Nd4 1/2-1/2

[Event "SLO-chT NML 31st"]
[Site "Ptuj/Grosuplje"]
[Date "2021.10.22"]
[Round "7.3"]
[White "Mohr, Georg"]
[Black "Olenik Campa, Rudi"]
[Result "1-0"]
[WhiteElo "2406"]
[BlackElo "2245"]
[PlyCount "61"]
[EventDate "2021.10.08"]
[EventType "team-tourn"]
[EventRounds "9"]
[EventCountry "SLO"]
[SourceTitle "EXT 2024"]
[Source "ChessBase"]
[SourceDate "2023.10.10"]
[SourceVersion "1"]
[SourceVersionDate "2023.10.10"]
[SourceQuality "1"]
[WhiteTeam "Maribor Poligram"]
[BlackTeam "Domzale"]
[WhiteTeamCountry "SLO"]
[BlackTeamCountry "SLO"]

1. Nf3 Nf6 2. g3 g6 3. b3 Bg7 4. Bb2 0-0 5. Bg2 d6 6. d4 c5 7. c4 cxd4 8. Nxd4 Nbd7 9. 0-0 a5 10. Nc3 Nc5 11. Rb1 Bd7 12. Re1 Ng4 13. h3 Ne5 14. Nd5 f5 15. Qc2 e6 16. Nf4 Nf7 17. Nf3 e5 18. Nd5 f4 19. gxf4 Ne6 20. fxe5 Neg5 21. e6 Nxe6 22. Bxg7 Nxg7 23. Qc3 Nh6 24. Rbd1 Nh5 25. e4 Be6 26. e5 Bxd5 27. Rxd5 Nf4 28. Rxd6 Qe7 29. Qd2 Nf5 30. Rd7 Qe6 31. Ng5 1-0

[Event "Maribor Pirc Memorial 23rd"]
[Site "Maribor"]
[Date "2020.08.14"]
[Round "7"]
[White "Marn, Jan"]
[Black "Mohr, Georg"]
[Result "1-0"]
[WhiteElo "2360"]
[BlackElo "2434"]
[PlyCount "45"]
[EventDate "2020.08.10"]
[EventType "tourn"]
[EventRounds "9"]
[EventCountry "SLO"]
[EventCategory "7"]
[SourceTitle "CBM 197 Extra"]
[Source "ChessBase"]
[SourceDate "2020.09.30"]
[SourceVersion "1"]
[SourceVersionDate "2020.09.30"]
[SourceQuality "1"]

1. d4 d6 2. c4 g6 3. Nc3 Bg7 4. e4 c5 5. d5 e6 6. Nf3 exd5 7. cxd5 Nf6 8. Be2 0-0 9. Be3 b5 10. e5 Ng4 11. Bg5 Qb6 12. Be7 Re8 13. exd6 c4 14. 0-0 Nd7 15. a4 Ba6 16. axb5 Bxb5 17. Nxb5 Qxb5 18. Nd4 Qxb2 19. Bxg4 f5 20. Nxf5 gxf5 21. Bxf5 Nf6 22. Re1 Kh8 23. Rb1 1-0

[Event "EU-ch blitz"]
[Site "Tallinn"]
[Date "2019.12.07"]
[Round "9"]
[White "Mohr, Georg"]
[Black "Shapiro, Viktor"]
[Result "0-1"]
[WhiteElo "2458"]
[BlackElo "2267"]
[PlyCount "100"]
[EventDate "2019.12.07"]
[EventType "swiss (blitz)"]
[EventRounds "22"]
[EventCountry "EST"]
[SourceTitle "CBM 193 Extra"]
[Source "ChessBase"]
[SourceDate "2020.01.31"]
[SourceVersion "1"]
[SourceVersionDate "2020.01.31"]
[SourceQuality "1"]

1. Nf3 Nf6 2. g3 c5 3. Bg2 Nc6 4. 0-0 d6 5. d4 cxd4 6. Nxd4 Bd7 7. c4 e6 8. Nc3 Be7 9. b3 a6 10. Bb2 0-0 11. Qd2 Rc8 12. Rfd1 Qc7 13. Rac1 Qb8 14. e4 Rfd8 15. Qe2 h5 16. Nc2 Ne5 17. Ne3 b5 18. cxb5 axb5 19. a3 b4 20. axb4 Qxb4 21. h3 Qxb3 22. f4 Nc4 23. Nxc4 Qxc4 24. Qxc4 Rxc4 25. e5 dxe5 26. fxe5 Ne8 27. Kh2 Bc6 28. Rxd8 Bxd8 29. Bxc6 Rxc6 30. Ra1 Rc8 31. Kg2 Bc7 32. Ne4 Bb6 33. Kf3 Nc7 34. Nd6 Rb8 35. Rc1 Nd5 36. Rc8+ Rxc8 37. Nxc8 Bc7 38. g4 hxg4+ 39. hxg4 f6 40. exf6 gxf6 41. Ke4 Kf7 42. Na7 Kg6 43. Bc1 Nc3+ 44. Kd3 Nd5 45. Bb2 Kg5 46. Nb5 Bd8 47. Nd4 Nf4+ 48. Ke4 Kxg4 49. Bc1 f5+ 50. Ke3 Bb6 0-1

[Event "EU-ch rapid"]
[Site "Tallinn"]
[Date "2019.12.05"]
[Round "6"]
[White "Sanz Wawer, Daniel"]
[Black "Mohr, Georg"]
[Result "0-1"]
[WhiteElo "2103"]
[BlackElo "2424"]
[PlyCount "59"]
[EventDate "2019.12.05"]
[EventType "swiss"]
[EventRounds "13"]
[EventCountry "EST"]
[SourceTitle "CBM 193 Extra"]
[Source "ChessBase"]
[SourceDate "2020.01.31"]
[SourceVersion "1"]
[SourceVersionDate "2020.01.31"]
[SourceQuality "1"]

1. d4 g6 2. c4 Bg7 3. e4 d6 4. Nc3 c5 5. d5 e6 6. Nge2 exd5 7. cxd5 Ne7 8. Bg5 h6 9. Be3 a6 10. a4 0-0 11. Qd2 Kh7 12. h4 Nd7 13. f4 h5 14. g4 Nf6 15. gxh5 Nxh5 16. 0-0-0 b5 17. f5 Qa5 18. Bg5 Re8 19. f6 Nxf6 20. h5 Nxh5 21. Ng3 Kg8 22. Nxh5 gxh5 23. Bh6 Bxc3 24. bxc3 Ng6 25. Bd3 Qxa4 26. Kb2 b4 27. Ra1 bxc3+ 28. Kxc3 Qd4+ 29. Kc2 c4 30. Bf1 0-1

[Event "SLO-chT 29th"]
[Site "Slovenia"]
[Date "2019.11.23"]
[Round "5.1"]
[White "Mohr, Georg"]
[Black "Skuhala, Jernej"]
[Result "1/2-1/2"]
[WhiteElo "2445"]
[BlackElo "2261"]
[PlyCount "80"]
[EventDate "2019.09.06"]
[EventType "team-tourn"]
[EventRounds "9"]
[EventCountry "SLO"]
[SourceTitle "CBM 193 Extra"]
[Source "ChessBase"]
[SourceDate "2020.01.31"]
[SourceVersion "1"]
[SourceVersionDate "2020.01.31"]
[SourceQuality "1"]
[WhiteTeam "Maribor"]
[BlackTeam "Murska Sobota Radenska"]
[WhiteTeamCountry "SLO"]
[BlackTeamCountry "SLO"]

1. Nf3 Nf6 2. c4 e6 3. g3 d5 4. Bg2 d4 5. e3 c5 6. exd4 cxd4 7. 0-0 Nc6 8. Re1 Bc5 9. d3 0-0 10. Na3 Re8 11. Nc2 a5 12. Ne5 Nxe5 13. Rxe5 Nd7 14. Re1 e5 15. Bd2 Nf6 16. a3 a4 17. Nb4 Qb6 18. h3 Bd7 19. Qf3 Bxb4 20. axb4 Bc6 21. Qf5 Bxg2 22. Kxg2 Qc6+ 23. Qf3 e4 24. dxe4 Nxe4 25. b5 Qe6 26. Qd3 Qxh3+ 27. Kg1 Nc5 28. Qf3 Nb3 29. Rxe8+ Rxe8 30. Re1 Rxe1+ 31. Bxe1 Qe6 32. Qxb7 Qxe1+ 33. Kg2 g6 34. b6 Nd2 35. Qb8+ Kg7 36. Qf4 Qf1+ 37. Kh2 Qd1 38. Qxd4+ Kg8 39. Qd8+ Kg7 40. Qd4+ Kg8 1/2-1/2

[Event "EU-Cup 35th"]
[Site "Ulcinj"]
[Date "2019.11.14"]
[Round "5.7"]
[White "Mohr, Georg"]
[Black "Kokarev, Dmitry"]
[Result "1/2-1/2"]
[WhiteElo "2437"]
[BlackElo "2601"]
[PlyCount "144"]
[EventDate "2019.11.10"]
[EventType "team-swiss"]
[EventRounds "7"]
[EventCountry "MNE"]
[SourceTitle "CBM 193 Extra"]
[Source "ChessBase"]
[SourceDate "2020.01.31"]
[SourceVersion "1"]
[SourceVersionDate "2020.01.31"]
[SourceQuality "1"]
[WhiteTeam "Maribor"]
[BlackTeam "Primorsky District"]
[WhiteTeamCountry "SLO"]
[BlackTeamCountry "RUS"]

1. e4 c5 2. Nf3 d6 3. d4 cxd4 4. Nxd4 Nf6 5. f3 e5 6. Nb3 d5 7. Bg5 d4 8. c3 Nc6 9. cxd4 Bb4+ 10. Bd2 Nxe4 11. Bxb4 Qh4+ 12. g3 Nxg3 13. hxg3 Qxh1 14. Ba3 Bh3 15. N1d2 0-0-0 16. Qc2 Bxf1 17. Qf5+ Rd7 18. Nxf1 g6 19. Qf6 Re8 20. d5 Rxd5 21. Qxf7 Rdd8 22. Bd6 Rxd6 23. Qxe8+ Kc7 24. Kf2 Kb6 25. Qf8 Rd5 26. Re1 a5 27. Qf6 Ka7 28. Qf7 Nb4 29. Nc1 Rc5 30. Qb3 Rc2+ 31. Ne2 Rxb2 32. Qe3+ Ka8 33. Rd1 Nc6 34. Qc3 Rxa2 35. Qb3 Rxe2+ 36. Kxe2 Nd4+ 37. Rxd4 Qg2+ 38. Ke1 exd4 39. Qd5 a4 40. Qa5+ Kb8 41. Qd8+ Ka7 42. Qxd4+ Kb8 43. Qf4+ Kc8 44. Qxa4 Qxf3 45. Qe8+ Kc7 46. Qe5+ Kc6 47. Ne3 Qf7 48. Nc2 Kd7 49. Qb5+ Kd8 50. Ne3 Qe7 51. Ke2 Kc7 52. Qc4+ Kd7 53. Qg8 Kc6 54. Kf3 Qf6+ 55. Ke4 Qe7+ 56. Kf3 Qf6+ 57. Kg2 Qe7 58. Qc4+ Kd6 59. Qb4+ Ke6 60. Qb3+ Ke5 61. Qd5+ Kf6 62. Ng4+ Kg7 63. Ne5 b6 64. Kh2 h5 65. Kg2 Kh6 66. Kh3 Kg7 67. Kh2 Kh6 68. Qd4 Qe6 69. Qf4+ Kg7 70. Nf3 Qe2+ 71. Kh3 Qe6+ 72. Kh4 Qf6+ 1/2-1/2